Mediazione penale fra vittima ed autore di reato: esperienze statunitensi, francesi ed italiane a confronto

Gespeichert in:  
Bibliographische Detailangaben
1. VerfasserIn: Vezzadini, Susanna (Verfasst von)
Medienart: Druck Buch
Sprache:Italienisch
Veröffentlicht: Bologna CLUEB 2003
In: Heuresis (20)
Jahr: 2003
Online-Zugang: Inhaltsverzeichnis
Bestand in Tübingen:In Tübingen vorhanden.
UB: KB 9 E 278
Verfügbarkeit prüfen: HBZ Gateway
Subito Bestelldienst: Jetzt bestellen.
Schlagwörter:

MARC

LEADER 00000cam a2200000 c 4500
001 1184719969
003 DE-627
005 20251225182639.0
007 tu
008 041130s2003 it ||||| 00| ||ita c
020 |a 8849120265  |9 88-491-2026-5 
024 8 |a CASA.0449.0090  |q Sonstige Nr. 
035 |a (DE-627)1184719969 
035 |a (DE-576)114719969 
035 |a (DE-599)BSZ114719969 
035 |a (OCoLC)254322409 
035 |a (OCoLC)56893632 
035 |a (ZDB-21-EIL)01905575 
040 |a DE-627  |b ger  |c DE-627  |e rakwb 
041 |a ita 
044 |c XA-IT 
050 0 |a K 
050 0 |a K5459 
082 0 |a 345 
084 |a 86.33  |2 bkl 
084 |a 86.06  |2 bkl 
100 1 |a Vezzadini, Susanna  |4 aut 
245 1 0 |a Mediazione penale fra vittima ed autore di reato  |b esperienze statunitensi, francesi ed italiane a confronto  |c Susanna Vezzadini 
264 1 |a Bologna  |b CLUEB  |c 2003 
300 |a 97 S.  |c 22 cm 
336 |a Text  |b txt  |2 rdacontent 
337 |a ohne Hilfsmittel zu benutzen  |b n  |2 rdamedia 
338 |a Band  |b nc  |2 rdacarrier 
490 1 |a Heuresis  |a XVII, Materiale di ricerca in criminologia, devianza e politica del controllo sociale  |v 20 
500 |a S. Vezzadini teaches at the University of Bologna. - Contains bibliography, bibliographical references and notes 
583 1 |a Archivierung prüfen  |c 20200919  |f DE-640  |z 1  |2 pdager 
650 0 |a Criminal Procedure  |z Italy 
650 0 |a Criminal Procedure  |z France 
650 0 |a Criminal Procedure  |z United States 
650 0 |a Mediation  |z Italy 
650 0 |a Mediation  |z France 
650 0 |a Mediation  |z United States 
650 0 |a Dispute resolution (Law)  |z Italy 
650 0 |a Dispute resolution (Law)  |z France 
650 0 |a Dispute resolution (Law)  |z United States 
689 0 0 |d g  |0 (DE-588)4027833-5  |0 (DE-627)106283235  |0 (DE-576)208972501  |a Italien  |2 gnd 
689 0 1 |d s  |0 (DE-588)4215596-4  |0 (DE-627)105056006  |0 (DE-576)210226234  |a Täter-Opfer-Ausgleich  |2 gnd 
689 0 2 |d s  |0 (DE-588)4115712-6  |0 (DE-627)104262664  |0 (DE-576)209495464  |a Rechtsvergleich  |2 gnd 
689 0 |5 (DE-627) 
830 0 |a Heuresis  |n 17, Materiale di ricerca in criminologia devianza e politica del controllo sociale  |v 20  |9 20  |w (DE-627)47761552X  |w (DE-576)9477615528  |w (DE-600)2174699-0  |x 1723-8102  |7 am 
856 4 2 |u http://www.gbv.de/dms/sbb-berlin/471638757.pdf  |m V:DE-601  |m B:DE-1  |q pdf/application  |x Verlag  |y Inhaltsverzeichnis  |3 Inhaltsverzeichnis  |7 1 
889 |w (DE-627)471638757 
935 |i mdedup 
936 b k |a 86.33  |j Strafrecht: Allgemeines  |0 (DE-627)106422413 
936 b k |a 86.06  |j Rechtsvergleichung  |j Rechtsvereinheitlichung  |0 (DE-627)106410687 
951 |a BO 
ELC |b 1 
LOK |0 000 xxxxxcx a22 zn 4500 
LOK |0 001 244947868X 
LOK |0 003 DE-627 
LOK |0 004 1184719969 
LOK |0 005 20050208000000 
LOK |0 008 041130||||||||||||||||ger||||||| 
LOK |0 040   |a DE-21  |c DE-627  |d DE-21 
LOK |0 852   |a DE-21 
LOK |0 852 1  |c KB 9 E 278  |9 00 
LOK |0 935   |a krim 
LOK |0 936ln  |a k5.3.2 
LOK |0 938   |l 08/02/05  |8 6 
LOK |0 939   |a 30-11-04  |b l01 
ORI |a SA-MARC-krimdoka001.raw 
SIG |a UB: KB 9 E 278 
TIM |a 100018610317_100020261231  |b 1861-03-17 - 2026